<?xml version="1.0" encoding="UTF-8"?><?xml-stylesheet type="text/xsl" href="static/style.xsl"?><OAI-PMH xmlns="http://www.openarchives.org/OAI/2.0/" xmlns:xsi="http://www.w3.org/2001/XMLSchema-instance" xsi:schemaLocation="http://www.openarchives.org/OAI/2.0/ http://www.openarchives.org/OAI/2.0/OAI-PMH.xsd"><responseDate>2026-06-02T05:19:54Z</responseDate><request verb="GetRecord" identifier="oai:riuma.uma.es:10630/29587" metadataPrefix="marc">https://riuma.uma.es/rest/oai/request</request><GetRecord><record><header><identifier>oai:riuma.uma.es:10630/29587</identifier><datestamp>2026-02-03T11:29:27Z</datestamp><setSpec>com_10630_2254</setSpec><setSpec>col_10630_37953</setSpec></header><metadata><record xmlns="http://www.loc.gov/MARC21/slim" xmlns:dcterms="http://purl.org/dc/terms/" xmlns:doc="http://www.lyncode.com/xoai" xmlns:xsi="http://www.w3.org/2001/XMLSchema-instance" xsi:schemaLocation="http://www.loc.gov/MARC21/slim http://www.loc.gov/standards/marcxml/schema/MARC21slim.xsd">
   <leader>00925njm 22002777a 4500</leader>
   <datafield ind2=" " ind1=" " tag="042">
      <subfield code="a">dc</subfield>
   </datafield>
   <datafield ind2=" " ind1=" " tag="720">
      <subfield code="a">Gemar-Castillo, Germán</subfield>
      <subfield code="e">author</subfield>
   </datafield>
   <datafield ind2=" " ind1=" " tag="720">
      <subfield code="a">Gómez-Núñez, Trinidad</subfield>
      <subfield code="e">author</subfield>
   </datafield>
   <datafield ind2=" " ind1=" " tag="720">
      <subfield code="a">Molinos-Senante, María</subfield>
      <subfield code="e">author</subfield>
   </datafield>
   <datafield ind2=" " ind1=" " tag="720">
      <subfield code="a">Caballero-Fernández, Rafael Enrique</subfield>
      <subfield code="e">author</subfield>
   </datafield>
   <datafield ind2=" " ind1=" " tag="720">
      <subfield code="a">Sala-Garrido, Ramón</subfield>
      <subfield code="e">author</subfield>
   </datafield>
   <datafield ind2=" " ind1=" " tag="260">
      <subfield code="c">2018-03</subfield>
   </datafield>
   <datafield ind2=" " ind1=" " tag="520">
      <subfield code="a">Improving eco-efficiency of wastewater treatment plants (WWTPs) has been identified as being essential for&#xd;
achieving urban sustainability. Several previous papers have evaluated the eco-efficiency of WWTPs using data&#xd;
envelopment analysis (DEA) models. However, those models provided only a static assessment in that they&#xd;
ignored possible fluctuations over time within each plant. To overcome this temporal limitation, this paper&#xd;
evaluates dynamic eco-efficiency (changes in eco-productivity over time) of WWTPs using the dynamic weighted&#xd;
Russell directional distance model (WRDDM). This approach allows one to obtain an eco-productivity change&#xd;
index for each major component of the WRDDM model (costs, pollutants removal, and greenhouse gas emissions).&#xd;
Our results illustrate that although eco-productivity improved in half of the WWTPs we assessed, there&#xd;
was still potential for improving some eco-efficiency components. Moreover, operational costs and greenhouse&#xd;
gases emissions were the main drivers reducing eco-productivity. This paper demonstrates the importance of&#xd;
evaluating change in eco-productivity over time and in identifying the drivers associated with those changes,&#xd;
both of which can be used to support decision-making focused on the sustainability of WWTPs</subfield>
   </datafield>
   <datafield ind1="8" ind2=" " tag="024">
      <subfield code="a">Gémar, G., Gómez, T., Molinos-Senante, M., Caballero, R., &amp; Sala-Garrido, R. (2018). Assessing changes in eco-productivity of wastewater treatment plants: The role of costs, pollutant removal efficiency, and greenhouse gas emissions. Environmental Impact Assessment Review, 69, 24-31.</subfield>
   </datafield>
   <datafield ind1="8" ind2=" " tag="024">
      <subfield code="a">https://hdl.handle.net/10630/29587</subfield>
   </datafield>
   <datafield ind1="8" ind2=" " tag="024">
      <subfield code="a">https://doi.org/10.1016/j.eiar.2017.11.007</subfield>
   </datafield>
   <datafield tag="653" ind2=" " ind1=" ">
      <subfield code="a">Plantas depuradoras de agua - Aspectos ambientales</subfield>
   </datafield>
   <datafield ind2="0" ind1="0" tag="245">
      <subfield code="a">Assessing changes in eco-productivity of wastewater treatment plants: The role of costs, pollutant removal efficiency, and greenhouse gas emissions</subfield>
   </datafield>
</record>
</metadata></record></GetRecord></OAI-PMH>